000 00271nam a2200121Ia 4500
008 190216s9999||||xx |||||||||||||| ||und||
100 _aCharles Dickens
245 0 _aGreat Expectations
260 _bHeron Books
_c1961
300 _a412p
650 _aNovel
942 _cBK
999 _c12212
_d12212